Literal Country Names- Africa - Statistics

General Stats
  • This quiz has been taken 30 times
  • The average score is 19 of 54
Answer Stats
Hint Answer % Correct
Land of Rwandans Rwanda
85%
Land of Soma Somalia
85%
Republic in the Center of Africa Central African Republic
81%
Coast of Ivory Côte d'Ivoire
81%
Saint Thomas And Prince São Tome and Principé
81%
Kingdom of Swaziland Swaziland
81%
Land of Ngola Angola
78%
Green Cape Cape Verde
78%
Democratic Republic of Mountains DR Congo
74%
Black Bissau Guinea-Bissau
74%
Land of the Sotho Lesotho
74%
Land of Tanganika and Zanzibar Tanzania
74%
Equatorial Land of
the Black Men
Equatorial Guinea
70%
Republic of Seychelles Seychelles
70%
Land of Tunis Tunisia
70%
Land of the Mauri Mauritania
67%
Free Country Liberia
63%
Home of the Rundi Speakers Burundi
59%
Land of the Libu Libya
59%
Lion Mountains Sierra Leone
56%
Land of the Ganda People Uganda
56%
Land of Musa al Biq Mozambique
48%
Southern Country
of the Blacks
South Sudan
44%
Land of the Niger River Nigeria
33%
Land of the Black Men Guinea
26%
Islands of the Moon Comoros
22%
Land of the Red Sea Eritrea
22%
Beautiful Southern Land South Africa
22%
Country of the Blacks Sudan
19%
River of Rivers Niger
15%
Land of the Large Lake
Chad
11%
The River Gambia
11%
Land of Governor Van Nassau Mauritius
11%
The Vast Place Namibia
11%
Kingdom of Mountains Congo
7%
Land of the Burnt Faces Ethiopia
7%
Stone Enclosure Zimbabwe
7%
Land of Argument Benin
4%
Those Who Went Away Botswana
4%
Land of Honest Men Burkina Faso
4%
Mountain of Whiteness Kenya
4%
Land of Flames Malawi
4%
Our Canoe Senegal
4%
The Great River Zambia
4%
The Islands Algeria
0%
River of Prawns Cameroon
0%
The Plateau Djibouti
0%
Frontier Egypt
0%
Hooded Cloak Gabon
0%
The King's Land Ghana
0%
Holy Land Madagascar
0%
Hippopotamus Mali
0%
The Far West Morocco
0%
Land by the Water Togo
0%
No matching quizzes found
Score Distribution
Percent of People with Each Score
Percentile by Number Answered
Your Score History
You have not taken this quiz